000 00294nam a22001097a 4500
008 170118b xxu||||| |||| 00| 0 eng d
020 _a0960265201
041 _aeng
080 _a618.2
245 _aNURSES OPPORTUNITIES TO CARE: THE PFIZER GUIDE TO CAREERS IN NURSING
_cALLAN, M
942 _2udc
_cBK
999 _c3076
_d3076